<?xml version="1.0" encoding="UTF-8"?>
<marc:record xmlns:marc="http://www.loc.gov/MARC21/slim">
   <marc:leader>00000nam a2200000 a 4500</marc:leader>
   <marc:datafield ind1=" " ind2=" " tag="653">
      <marc:subfield code="a">CD</marc:subfield>
   </marc:datafield>
   <marc:datafield ind1="0" ind2="0" tag="245">
      <marc:subfield code="a">Katharina Thalbach liest William Shakespeare in der Übersetzung von Thomas Brasch</marc:subfield>
   </marc:datafield>
   <marc:datafield ind1=" " ind2="1" tag="264">
      <marc:subfield code="a">Bochum</marc:subfield>
      <marc:subfield code="b">Roof Music</marc:subfield>
      <marc:subfield code="c">2007</marc:subfield>
   </marc:datafield>
   <marc:datafield ind1="1" ind2=" " tag="520">
      <marc:subfield code="a">Angaben aus der Verlagsmeldung

Was ihr wollt / von William Shakespeare

"Was ihr wollt", Teil IV der Shakespeare/Brasch-Reihe, ist eine der bekanntesten und beliebtesten Komödien des großen Dramatikers. Ein burleskes Stück mit derben Späßen, Verwechslungen und Liebes-Wirren, dem jedoch auch eine seltsame Melancholie innewohnt. Ein vielschichtiges Werk mit zahlreichen unerwarteten Wendungen, an dessen Anfang ein Schiffsunglück vor der Küste Illyriens steht und das am Ende dann doch noch zwei glückliche Liebespaar vereint …
</marc:subfield>
   </marc:datafield>
   <marc:datafield ind1=" " ind2=" " tag="020">
      <marc:subfield code="a">9783938781586</marc:subfield>
      <marc:subfield code="9">9783938781586</marc:subfield>
   </marc:datafield>
   <marc:datafield ind1=" " ind2=" " tag="020">
      <marc:subfield code="a">3938781580</marc:subfield>
      <marc:subfield code="9">3938781580</marc:subfield>
   </marc:datafield>
   <marc:datafield ind1=" " ind2=" " tag="041">
      <marc:subfield code="a">ger</marc:subfield>
   </marc:datafield>
   <marc:datafield ind1=" " ind2=" " tag="300">
      <marc:subfield code="a">2 CDs</marc:subfield>
   </marc:datafield>
</marc:record>
